Score 0/152 Timer 20:00
0 Plays Today
% Correct
Tammie Brown
82.2%
Jade
81.1%
Sonique
78.8%
Raja
77.2%
Jessica Wild
76.3%
Morgan McMichaels
76%
Alexis Mateo
76%
India Ferrah
74.9%
Sharon Needles
70.8%
Valentina
69.2%
Farrah Moan
69.2%
Kameron Michaels
69.2%
Miz Cracker
69.2%
Monique Heart
69.2%
Blair St. Clair
69.2%
Yvie Oddly
69.2%
Shannel
68.2%
Pandora Boxx
67.7%
Honey Mahogany
63.5%
Dida Ritz
62.7%
Peppermint
61.5%
Trinity Taylor
61.5%
Nina Bonina Brown
61.5%
Aja
61.5%
Eureka
61.5%
Aquaria
61.5%
Asia Ohara
61.5%
Monet X Change
61.5%
The Vixen
61.5%
Mayhem Miller
61.5%
Dusty Ray Bottoms
61.5%
Vanessa Vanjie Mateo
61.5%
Pearl
60.7%
Roxxxy Andrews
59.6%
Vivacious
59.3%
Carmen Carrera
59.1%
The Princess
59.1%
Lashauwn Beyond
58.5%
Ongina
58.2%
Stacy Layne Matthews
57.7%
Yara Sofia
56%
Tatianna
55.7%
Jasmine Masters
54.6%
Mystique
54%
Shea Coulee
53.8%
Alexis Michelle
53.8%
Charlie Hides
53.8%
Kimora Blac
53.8%
Jaymes Mansfield
53.8%
Yuhua Hamasaki
53.8%
Silky Nutmeg Ganache
53.8%
% Correct
Nina West
53.8%
Plastique Tiara
53.8%
Porkchop
53.8%
Nina Flowers
52.1%
Bianca Del Rio
52.1%
Milan
51.3%
Tyra Sanchez
50.1%
Serena Cha Cha
50.1%
Sahara Davenport
49.3%
Mimi Imfurst
49.3%
Laganja Estranja
49%
Kenya Michaels
48.5%
Miss Fame
48.5%
Brooke Lynn Hytes
46.2%
Shuga Cain
46.2%
Darienne Lake
43.5%
Jiggly Caliente
39.6%
Rajah Ohara
38.5%
Mercedes Iman Diamond
38.5%
Soju
38.5%
Jaida Essence Hall
38.5%
Crystal Methyd
38.5%
Gigi Goode
38.5%
Sherry Pie
38.5%
Jackie Cox
38.5%
Heidi N Closet
38.5%
Widow Von'Du
38.5%
Jan
38.5%
Aiden Zhane
38.5%
Nicky Doll
38.5%
Latrice Royale
36.8%
Alisa Summers
34%
Ginger Minj
33.7%
Jujubee
30.9%
Kalorie Karbdashian Williams
30.8%
Akeria C. Davenport
30.8%
Scarlet Envy
30.8%
Ariel Versace
30.8%
Honey Davenport
30.8%
Brita
30.8%
Rock M Sakura
30.8%
Penny Tration
30.4%
Magnolia Crawford
30.1%
Katya
29.8%
Kim Chi
29.8%
Alyssa Edwards
29.2%
Rebecca Glasscock
29%
Bebe Zahara Benet
28.7%
Chad Michaels
28.4%
Phi Phi Ohara
27%
Kandy Ho
25.9%
% Correct
Mariah
24.5%
Kahanna Montrese
23.1%
Laila McQueen
22.3%
Shangela
21.7%
Raven
20.3%
Detox
18.7%
Acid Betty
18.7%
Mrs. Kasha Davis
18.4%
Akashia
17.8%
Delta Work
16.4%
Dahlia Sin
15.4%
Kennedy Davenport
13.4%
Ivy Winters
13.1%
Violet Chachki
13.1%
Manila Luzon
12.8%
Milk
12.5%
Bendelacreme
12.3%
Phoenix
11.7%
Coco Montrese
11.7%
Joslyn Fox
11.1%
Trinity K Bonet
11.1%
Alaska Thunderfuck
10.9%
Gia Gunn
10.9%
Willam
10.6%
April Carrion
10%
Kelly Mantle
10%
Sasha Belle
9.7%
Lineysha Sparx
9.2%
Derrick Barry
9.2%
Naomi Smalls
8.1%
Venus D Lite
7.8%
Madame LaQueer
7.8%
Cynthia Lee Fontaine
7.8%
Courtney Act
7.5%
Bob The Drag Queen
7.5%
Jade Jolie
7%
Trixie Mattel
7%
Chi Chi Devayne
7%
Naysha Lopez
6.7%
Adore Delano
6.1%
Jaidynn Diore Fierce
5.6%
Max
5.6%
Jinkx Monsoon
5.3%
Thorgy Thor
5.3%
Monica Beverly Hillz
5%
Tempest Dujour
4.5%
Robbie Turner
4.5%
Vivienne Pinay
4.2%
Dax Exclamation Point
4.2%
Sasha Velour
3.3%
Come Together.
Have Fun.
All Virtual.
We all need to come together. Play Sporcle's virtual live trivia to have fun, connect with people, and get your trivia on. Join a live hosted trivia game for your favorite pub trivia experience done virtually. If a virtual private party is more your thing, go here for details.

You're not logged in!

Compare scores with friends on all Sporcle quizzes.
OR
Log In

Sporcle TV

Today on Sporcle TV


Watch our educational content, quiz creation guides, and fun videos on Sporcle TV.

Show Comments

Extras

Created Apr 3, 2016ReportNominate
Tags:Drag, male, Queen

Top Quizzes Today


Score Distribution

Paid Content

Your Account Isn't Verified!

In order to create a playlist on Sporcle, you need to verify the email address you used during registration. Go to your Sporcle Settings to finish the process.

Report this User

Report this user for behavior that violates our Community Guidelines.

Details: